书目信息 |
| 题名: |
考古与地理信息系统
|
|
| 作者: | 刘建国 著 | |
| 分册: | ||
| 出版信息: | 北京 科学出版社 2007.11 |
|
| 页数: | 155页 | |
| 开本: | 24cm | |
| 丛书名: | ||
| 单 册: | ||
| 中图分类: | K85 , P208 | |
| 科图分类: | ||
| 主题词: | 地理信息系统--应用--考古--研究 | |
| 电子资源: | ||
| ISBN: | 978-7-03-020263-5 | |
| 000 | 00978nam0 2200253 450 | |
| 001 | 012004195769 | |
| 005 | 20091202091103.31 | |
| 010 | @a978-7-03-020263-5@dCNY46.00 | |
| 100 | @a20071211d2007 em y0chiy0110 ea | |
| 101 | 0 | @achi |
| 102 | @aCN@b110000 | |
| 105 | @aa z 000yy | |
| 106 | @ar | |
| 200 | 1 | @a考古与地理信息系统@9kao gu yu di li xin xi xi tong@f刘建国著 |
| 210 | @a北京@c科学出版社@d2007.11 | |
| 215 | @a155页@c图@d24cm | |
| 300 | @a本书的编著和相关研究受到科技部“十一五”国家科技支撑计划“中华文明探源工程(二)”中“3500BC-1500BC中华文明形成与早期发展阶段的社会与精神文化研究”课题的资助,课题批准号为2006BAK21B00 | |
| 330 | @a本书共七章,内容包括:基本概念与相关理论、空间数据采集与处理、空间分析技术、DEM与地形分析、考古GIS研究、常用GIS软件简介。 | |
| 606 | 0 | @a地理信息系统@x应用@x考古@x研究 |
| 690 | @aK85@v4 | |
| 690 | @aP208@v4 | |
| 701 | 0 | @a刘建国@9liu jian guo@f(1966.1-)@4著 |
| 801 | 0 | @aCN@bNLC@c20091202 |
| 905 | @b794421-25@dK85@e28@f5 | |
| 考古与地理信息系统/刘建国著.-北京:科学出版社,2007.11 |
| 155页:图;24cm |
| 本书的编著和相关研究受到科技部“十一五”国家科技支撑计划“中华文明探源工程(二)”中“3500BC-1500BC中华文明形成与早期发展阶段的社会与精神文化研究”课题的资助,课题批准号为2006BAK21B00 |
| ISBN 978-7-03-020263-5:CNY46.00 |
| 本书共七章,内容包括:基本概念与相关理论、空间数据采集与处理、空间分析技术、DEM与地形分析、考古GIS研究、常用GIS软件简介。 |
| ● |
| 相关链接 |
|
|
|
|
正题名:考古与地理信息系统
索取号:K85/28
 
预约/预借
| 序号 | 登录号 | 条形码 | 馆藏地/架位号 | 状态 | 备注 |
| 1 | 794421 | 207944215 | 第二样本阅览室/ [索取号:K85/28] | 在馆 | |
| 2 | 794422 | 207944224 | 第二借阅区/ [索取号:K85/28] | 在馆 | |
| 3 | 794423 | 207944233 | 第二借阅区/ [索取号:K85/28] | 在馆 | |
| 4 | 794424 | 207944242 | 第二借阅区/ [索取号:K85/28] | 在馆 | |
| 5 | 794425 | 207944251 | 密集书库-资源管理系/ [索取号:K85/28] | 在馆 |